000 00793cam a22002531 4500
001 BD-DhSAU 7143
003 BD-DhSAU
005 20150517174105.0
008 720616s1930 nyua b 000 0 eng
040 _aBD-DhSAU
082 _a330.1
_222
_bWAE
100 1 _aWagemann, Ernst,
245 1 0 _aEconomic rhythm :
_ba theory of business cycles /
_cby Ernst Wagemann ... translated by D.H. Blelloch ... with a prefatory note by Wesley C. Mitchell.
250 _a1st ed.
260 _aNew York :
_bMcGraw-Hill Book Company, inc. ,
_c1930.
300 _axvi, 287 p.:
_c24 cm.
504 _aIncludes bibliographies.
590 _aIMRAN
650 0 _aBusiness cycles.
650 0 _aSupply and demand.
650 0 _aPrices.
700 1 _aBlelloch, David Habershon,
_eTR
942 _2ddc
_cBOOK
999 _c7143
_d7143